00611nam a2200133Ia 4500008004100000020002200041082002100063100002400084245011000108260002400218300001100242500003100253650019300284120629s9999 xx 000 0 und d a978-84-493-2261-7 a302.230973 M113m aMaarek, Philippe J. aMarketing político y comunicación: claves para una buena información política/ Philippe J. Maarek aEspaña : Paidós a474 p. aBibliografía e índices a1.COMUNICACION EN LA POLITICA-ESTADOS UNIDOS \ 2. MEDIOS DE INFORMACION COLECTIVA-ASPECTOS SOCIALES \ 3. COMUNICACION EN CIENCIAS SOCIALES-ESTADOS UNIDOS \ 4. DERECHOS HUMANOS-FILOSOFIAÌ